000 00216nam a22000857a 4500
008 170620b xxu||||| |||| 00| 0 eng d
100 _93576
_aAchaya. K. T
245 _aYour food and you
260 _aNew delhi
_bN. B. T
_c2006
999 _c6962
_d6962